Albums de Titeuf - Statistiques

Statistiques générales
  • Ce quiz a été pris 90 fois
  • Le résultat moyen est 7 sur 17
Statistiques - réponses
Albums Réponses % Correct
Album 10 Nadia se marie
68%
Album 4 C'est pô juste…
67%
Album 1 Dieu, le Sexe et les Bretelles
62%
Album 9 La Loi du préau
61%
Album 11 Mes meilleurs copains
58%
Album 8 Lâchez-moi le slip !
52%
Album 7 Le Miracle de la vie
48%
Album 6 Tchô, monde cruel
47%
Album 2 L'amour, c'est pô propre
44%
Album 3 Ça épate les filles
41%
Album 12 Le Sens de la vie
41%
Album 14 Bienvenue en adolescence !
30%
Album 13 À la folie !
26%
Album 5 Titeuf et le derrière des choses
26%
Album 15 À fond le slip !
24%
Album 17 La Grande Aventure
21%
Album 16 Petite Poésie des saisons
17%
Aucun quiz correspondant
Distribution des résultats
% des personnes avec chaque résultat
Percentile par nombre de réponses
Votre historique - résultats
Vous n’avez pas pris ce quiz